00705nam a22001217a 4500008004100000100002600041245008600067260001900153300003600172520024900208650010700457773001900564230927b ||||| |||| 00| 0 eng d aMurray, Sasha Alfred  aA critical analysis of the legality and practicality of new education policy 2020 aSocial Action  a73(3), Jul-Sep, 2023: p.306-318 aEducation is universally recognized on the great equalizer and the force in creating a level playing field. Access to good education free of relations racial and social biases and prejudices is the maker of a progressive nation. – Reproduced  aNEP 2020, Challenges, Legality practicality, credulity, Education, Indian construction, Secularism.  aSocial Action